000 03334nam a2200517Ia 4500
001 dia_5802
003 CHAP
005 20250730131648.0
007 ta
008 220117s2014 mx bceof 001 0 spa d
040 _amxchpua
_cCHAP
090 _aT.C.652
_bE87 EIUPA
_c2014
245 1 0 _aVinícola Torres Alegre y Familia, S. A. de C. V. /
_ccoordinadores Teodoro Espinosa Solares y Víctor Rivera Salvador ; colaboradores Sheila Ivonne Baños Serrano...[y otros]
260 _aMéxico :
_bEl autor,
_c2014
300 _a88 hojas :
_bilustraciones, tablas, diagramas, gráficas, mapas, planos, fotos
336 _2rdacontent
_atexto
_btxt
337 _2rdamedia
_ano mediado
_bn
338 _2rdacarrier
_avolumen
_bnc
500 _aGrado: 7°año Grupo: 02
502 _aViaje de estudios
_b(EIUPA) --
_cUACh. Departamento de Ingeniería Agroindustrial,
_d2014
504 _aBibliografía: hojas 64-65
505 0 0 _aContiene 7 planos: -- 1.Distribución de áreas planta alta (Esc. 1:100) -- 2. Distribución de áreas planta baja (Esc. 1:100) -- 3. Diagrama de flujo de vino tinto en tanque -- 4. Diagrama de flujo de vino blanco en barrica -- 5. Diagrama de flujo de vino blanco en barrica (2) -- 6. Diagrama de flujo de vino blanco en tanque -- 7. Diagrama de tubería e instrumentación (DTI) tanque fermentador
650 1 0 _aIndustria del vino
_zMéxico
_zBaja California Norte
_9154153
650 1 3 _aVinificación
_9151244
650 1 0 _aWine industry
_zMexico
_zBaja California Norte
_9154154
650 1 3 _aWinemaking
_9151246
700 1 _aEspinosa Solares, Teodoro
_9153069
_ecoordinador
700 1 _aRivera Salvador, Víctor
_9152488
_ecoordinador
700 1 _aBaños Serrano, Sheila Ivonne
_9129911
_ecolaboradora
856 4 2 _uhttp://10.13.5.2/ve/TC652EIUPA/TC652EIUPA2014-REPORTE.pdf
_yDESCARGAR REPORTE
856 4 2 _uhttp://10.13.5.2/ve/TC652EIUPA/TC652EIUPA2014-PLANO-DIAGRAMADEFLUJOVINOBLANCOTANQUETAB1FINAL.pdf
_yDESCARGAR PLANO DE FLUJO DE VINO DE TANQUE
856 4 2 _uhttp://10.13.5.2/ve/TC652EIUPA/TC652EIUPA2014-PLANO-DIAGRAMADEFLUJOVINOTINTOTANQUEB1FINAL.pdf
_yDESCARGAR PLANO DE DIAGRAMA DE FLUJO VINO TINTO TANQUE
856 4 2 _uhttp://10.13.5.2/ve/TC652EIUPA/TC652EIUPA2014-PLANO-DIAGRAMADEFLUJOVINOBLANCO.pdf
_yDESCARGAR PLANO DE DIAGRAMA DE FLUJO DE VINO BLANCO
856 4 2 _uhttp://10.13.5.2/ve/TC652EIUPA/TC652EIUPA2014-PLANO-DTITANQUEFERMENTADORFINAL.pdf
_yDESCARGAR PLANO DTI TANQUE DE FERMENTADO
856 4 2 _uhttp://10.13.5.2/ve/TC652EIUPA/TC652EIUPA2014-PLANO-DIAGRAMADEFLUJOVINOTINTOTAB1FINAL.pdf
_yDESCARGAR PLANO DE DIAGRAMA DE FLUJO DE VINO TINTO
856 4 2 _uhttp://10.13.5.2/ve/TC652EIUPA/TC652EIUPA2014-PLANOS-DISTRIBUCIONDEAREASPLANTAALTA.pdf
_yDESCARGAR PLANO DE DISTRIBUCIÓN DE ÁREAS PLANTA ALTA
856 4 2 _uhttp://10.13.5.2/ve/TC652EIUPA/TC652EIUPA2014-PLANO-DISTRIBUCIONDEAREASPLANTABAJA.pdf
_yDESCARGAR PLANO DE ÁREAS PLANTA BAJA
856 4 2 _uhttp://10.13.5.2/ve/TC652EIUPA/TC652EIUPA2014-PLANO-PLANTABAJAFINAL.pdf
_yDESCARGAR PLANO PLANTA BAJA
856 4 2 _uhttp://10.13.5.2/ve/TC652EIUPA/TC652EIUPA2014-PLANO-PLANTAALTAFINAL.pdf
_yDESCARGAR PLANO PLANTA ALTA
901 _aT.C.652 E87 EIUPA 2014
902 _aM
905 _a5232272014 mx aeml8223223322spa16
942 _2local
942 _cVE
999 _c176933
_d176933